Development of translation tools from machine translation to large language models diplomová práca

Na minha lista:
Detalhes bibliográficos
Autor principal: Lukáčová, Zuzana
Autor Corporativo: Fakulta aplikovaných jazykov EU v Bratislave. Katedra jazykovedy a translatológie
Outros Autores: Štefčík, Jozef, 1976-
Formato: Livro
Idioma:inglês
Publicado em: Bratislava 2025
Tags: Adicionar Tag
Sem tags, seja o primeiro a adicionar uma tag!

MARC

LEADER 00000nbm a2200000 4500
001 0308937
005 20260211105331.3
041 0 |a eng 
044 |a SK 
245 1 0 |a Development of translation tools from machine translation to large language models  |b diplomová práca  |c Zuzana Lukáčová ; školiteľ: Jozef Štefčík 
264 1 |a Bratislava  |c 2025 
300 |a 72 s. 
100 1 |a Lukáčová, Zuzana 
700 1 |a Štefčík, Jozef, 1976- 
710 2 |a Fakulta aplikovaných jazykov EU v Bratislave. Katedra jazykovedy a translatológie